书目信息 |
| 题名: |
信息技术与现代军事
|
|
| 作者: | 赵明远 , 任利 编 | |
| 分册: | ||
| 出版信息: | 乌鲁木齐 新疆青少年出版社 2005 |
|
| 页数: | 314页 | |
| 开本: | 20cm | |
| 丛书名: | 信息技术教育大全 | |
| 单 册: | ||
| 中图分类: | E919 | |
| 科图分类: | ||
| 主题词: | 信息技术--应用--军事--基本知识 , 信息技术 | |
| 电子资源: | ||
| ISBN: | 7-5371-4029-4 | |
| 000 | 00929oam2 2200289 45 | |
| 001 | 0120066003142 | |
| 005 | 20070709082444.54 | |
| 010 | @a7-5371-4029-4@dCNY500.00(全20册) | |
| 092 | @aCN@b489890 | |
| 100 | @a20060415d2005 em y0chiy0120 ea | |
| 101 | 0 | @achi |
| 102 | @aCN@b650000 | |
| 105 | @ay z 000yy | |
| 200 | 1 | @a信息技术与现代军事@9xin xi ji shu yu xian dai jun shi@f赵明远,任利编 |
| 205 | @a修订版 | |
| 210 | @a乌鲁木齐@c新疆青少年出版社@d2005 | |
| 215 | @a314页@d20cm | |
| 225 | 2 | @a信息技术教育大全 |
| 330 | @a本书介绍了:“20世纪的军事变革”,“战术通信”,“战略通信”,“海湾战争中的军事通信”,“民用技术在军事通信中的应用”等。 | |
| 461 | 0 | @12001 @a信息技术教育大全 |
| 606 | 0 | @a信息技术@x应用@x军事@x基本知识 |
| 606 | 0 | @a信息技术 |
| 690 | @aE919@v4 | |
| 701 | 0 | @a赵明远@9zhao ming yuan@4编 |
| 701 | 0 | @a任利@9ren li@4编 |
| 801 | 0 | @aCN@bLZJBOOK@c20070709 |
| 905 | @a10447@dE919@e6=2 | |
| 信息技术与现代军事/赵明远,任利编.-修订版.-乌鲁木齐:新疆青少年出版社,2005 |
| 314页;20cm.-(信息技术教育大全) |
| ISBN 7-5371-4029-4:CNY500.00(全20册) |
| 本书介绍了:“20世纪的军事变革”,“战术通信”,“战略通信”,“海湾战争中的军事通信”,“民用技术在军事通信中的应用”等。 |
| ● |
| 相关链接 |
|
|
|
|
正题名:信息技术与现代军事
索取号:E919/6=2
 
预约/预借
| 序号 | 登录号 | 条形码 | 馆藏地/架位号 | 状态 | 备注 |
| 1 | 0563877 | 205638773 | 第一样本阅览室/ [索取号:E919/6=2] | 在馆 | |
| 2 | 0563878 | 205638782 | 第一借阅区/ [索取号:E919/6=2] | 在馆 | |
| 3 | 0563879 | 205638791 | 第一借阅区/ [索取号:E919/6=2] | 在馆 | |
| 4 | 0563880 | 205638808 | 第一借阅区/ [索取号:E919/6=2] | 在馆 | |
| 5 | 0563881 | 205638817 | 第一借阅区/ [索取号:E919/6=2] | 在馆 | |
| 6 | 0563882 | 205638826 | 第一借阅区/ [索取号:E919/6=2] | 在馆 | |
| 7 | 0563883 | 205638835 | 第一借阅区/ [索取号:E919/6=2] | 在馆 | |
| 8 | 0563884 | 205638844 | 第一借阅区/ [索取号:E919/6=2] | 在馆 |